000 00511nam a2200169Ia 4500
005 20250508150907.0
008 008 250505s9999 xx 000 0 eng d
037 _aTextual
040 _aFEDL
_beng
_cFEDL
041 _aeng
_2eng
084 _a491.43014, TEA
_qFEDL
245 0 _aList of four thousand important hindi words: With an introducation describing their use
300 _a58p.
490 _aTeachers' and authors'
942 _cTEXL
_h491.43014, TEA
999 _c1326345
_d1326345